K některým aspektům pojmu "jakost".

Chápanie pojmu "akosť". Historický exkurz. Charakteristika jednotlivých smerov a prúdov zaoberajúcich sa otázkami akosti.

Saved in:
Bibliographic Details
Main Author: Janeček, Z.
Format: Book Chapter
Language:Czech
Subjects:
Tags: Add Tag
No Tags, Be the first to tag this record!

MARC

LEADER 00000naa a2200000 4500
001 r010113
005 20220831090515.0
041 0 |a cze 
044 |a [CS] 
245 1 0 |a K některým aspektům pojmu "jakost".  |c Z. Janeček 
520 |a Chápanie pojmu "akosť". Historický exkurz. Charakteristika jednotlivých smerov a prúdov zaoberajúcich sa otázkami akosti. 
610 2 0 |a kvalita 
610 2 0 |a pojmy 
610 2 0 |a história 
610 2 0 |a kvalita výrobkov 
610 2 0 |a štandardizácia 
610 2 0 |a taylorizmus 
610 2 0 |a kontrola kvality 
610 2 0 |a riadenie kvality 
610 2 0 |a normy 
100 1 |a Janeček, Z.